Economic educational and social survey of backward classes : Gujarat (Record no. 13044)

MARC details
000 -LEADER
fixed length control field 00306nam a2200121Ia 4500
082 ## - DEWEY DECIMAL CLASSIFICATION NUMBER
Classification number RL.0007
100 ## - MAIN ENTRY--AUTHOR NAME
Personal name Laliwala, J.I.
245 #0 - TITLE STATEMENT
Title Economic educational and social survey of backward classes : Gujarat
260 ## - PUBLICATION, DISTRIBUTION, ETC. (IMPRINT)
Year of publication 0
300 ## - PHYSICAL DESCRIPTION
Number of Pages v.p.
942 ## - ADDED ENTRY ELEMENTS (KOHA)
Koha item type Books
Holdings
Withdrawn status Lost status Damaged status Not for loan Home library Current library Date acquired Bill Date Full call number Accession Number Price effective from Koha item type
        NASSDOC Library NASSDOC Library 08/10/2004 2004-10-22 RL.0007 16517 18/04/2019 Books